| 000 | 01194nam a2200325 a 4500 | ||
|---|---|---|---|
| 001 | 000111524 | ||
| 003 | CHAP | ||
| 005 | 20220329144216.0 | ||
| 008 | 150514s2015 mx a |sm |||||||spa d | ||
| 010 | _a107986 | ||
| 011 | _a108958 | ||
| 040 | _cCHAP | ||
| 090 | _aTesis | ||
| 100 | 1 |
_aSebastian Silva, Lorenza María _9129401 |
|
| 245 | 1 | 0 |
_aIndices de calidad de sueldo en áreas agricolas y bosques mesófilos de montaña _h[En línea] _cpor Lorensa María Sebastian Silva. |
| 260 |
_aChapingo, Méx. : _bEl autor, _c2015. |
||
| 500 | _aPara ver el contenido del material haga clic en la liga | ||
| 502 | _aTesis (Ing. en Recursos Naturales) -- UACH. Departamento de Enseñansa Investigación y Servicio en Suelos | ||
| 590 |
_aE5652GLJ _b05 _c20150514 _lUCH01 _h1409 |
||
| 590 |
_aE5652GLJ _b05 _c20150514 _lUCH01 _h1410 |
||
| 590 |
_aE5652GLJ _b05 _c20150514 _lUCH01 _h1437 |
||
| 650 | 1 | 4 |
_aBosques _xModelos matemáticos. _914339 |
| 650 | 1 | 4 |
_aSuelos agrícolas. _9110531 |
| 650 | 1 | 4 |
_aSuelos _xAnálisis. _9110204 |
| 650 | 1 | 4 |
_aSuelos _xManejo. _9110423 |
| 856 |
_aFinding aid _uhttp://10.13.5.2/tesis/sist111524.pdf _zTeclea aquí |
||
| 901 | _aBK | ||
| 942 | _cTESIS | ||
| 942 | _n0 | ||
| 999 |
_c107986 _d107986 |
||